| 000 | 00491nam a2200205Ia 4500 | ||
|---|---|---|---|
| 008 | 170918s9999 xx 000 0 und d | ||
| 020 | _a9780062086587 | ||
| 050 | _bF514 2011 | ||
| 100 | _aFinn, Perdita | ||
| 245 | _aAlvin and the chipmunks : | ||
| 245 | _bchipwrecked / | ||
| 245 | _cby Perdita Finn. | ||
| 250 | _aFirst edition | ||
| 260 | _aUSA : | ||
| 260 | _bHarper, | ||
| 260 | _c2011 | ||
| 300 | _a137 pages : | ||
| 300 | _bsome color illustrations ; | ||
| 300 | _c19cm. | ||
| 999 |
_c343924 _d343924 |
||